Najbogatsze powiaty Polski - Statystyki

Ogólne statystyki
  • Ten quiz został rozwiązany 272 razy
    271 od ostatniego zresetowania
  • Średni wynik to 13 z 20
Statystyki odpowiedzi
Dochód podatkowy (zł/os.) Województwo Powiat % Poprawnych
1209,70 mazowieckie Warszawa
97%
642,56 pomorskie Gdańsk
96%
721,03 dolnośląskie Wrocław
92%
711,10 śląskie Katowice
91%
621,32 pomorskie Gdynia
90%
752,92 małopolskie Kraków
88%
732,41 wielkopolskie Poznań
86%
937,71 pomorskie Sopot
83%
563,30 opolskie Opole
80%
771,52 mazowieckie Płock
64%
563,74 śląskie Gliwice
58%
794,34 mazowieckie pruszkowski
52%
655,39 wielkopolskie poznański
48%
698,03 dolnośląskie wrocławski
48%
600,15 mazowieckie legionowski
46%
823,75 mazowieckie piaseczyński
41%
590,03 mazowieckie otwocki
40%
861,56 mazowieckie warszawski zachodni
39%
763,63 dolnośląskie lubiński
36%
654,36 mazowieckie grodziski
25%
Nie znaleziono quizów pasujących do podanych kryteriów
Rozkład punktacji
Procent ludzi z każdym wynikiem
Percentyl według liczby udzielonych odpowiedzi
Twoja historia wyników
Nie rozwiązałeś tego quizu od ostatniego zresetowania